The sign of the crooked arrow, (Record no. 14585)
[ view plain ]
| 000 -LEADER | |
|---|---|
| fixed length control field | 01988cam a2200349 4500 |
| 001 - CONTROL NUMBER | |
| control field | B-264939-944 |
| 005 - DATE AND TIME OF LATEST TRANSACTION | |
| control field | 20080724124639.0 |
| 008 - FIXED-LENGTH DATA ELEMENTS--GENERAL INFORMATION | |
| fixed length control field | 700729s1970 nyua j 000 1 eng |
| 010 ## - LIBRARY OF CONGRESS CONTROL NUMBER | |
| LC control number | B-264939-944 |
| 020 ## - INTERNATIONAL STANDARD BOOK NUMBER | |
| International Standard Book Number | 0448089289 |
| Terms of availability | 135.00 |
| 035 ## - SYSTEM CONTROL NUMBER | |
| System control number | B-264939-944 |
| 037 ## - SOURCE OF ACQUISITION | |
| Stock number | 4439/8.5.08 |
| Source of stock number/acquisition | Blue Berry |
| 040 ## - CATALOGING SOURCE | |
| Original cataloging agency | DPL |
| 082 ## - DEWEY DECIMAL CLASSIFICATION NUMBER | |
| Classification number | S |
| 100 ## - MAIN ENTRY--PERSONAL NAME | |
| Personal name | Dixon, Franklin W. |
| 245 ## - TITLE STATEMENT | |
| Title | The sign of the crooked arrow, |
| Statement of responsibility, etc | by Franklin W. Dixon. |
| 260 ## - PUBLICATION, DISTRIBUTION, ETC. (IMPRINT) | |
| Place of publication, distribution, etc | New York, |
| Name of publisher, distributor, etc | Grosset & Dunlap |
| Date of publication, distribution, etc | 2003 |
| 300 ## - PHYSICAL DESCRIPTION | |
| Extent | 178 p. |
| Other physical details | ill. |
| Dimensions | 20 cm (Hb) |
| 350 ## - PRICE (NR) (BK AM CF MU VM SE) [OBSOLETE] | |
| Price | 1.50 |
| 490 ## - SERIES STATEMENT | |
| Series statement | The Hardy boys mystery stories 28 |
| 520 ## - SUMMARY, ETC. | |
| Summary, etc | The Hardy brothers interrupt their investigations of jewelry-store holdups to answer a plea from their cousin on a New Mexico cattle ranch. |
| 650 ## - SUBJECT ADDED ENTRY--TOPICAL TERM | |
| Topical term or geographic name as entry element | Mystery and detective stories. |
| 942 ## - ADDED ENTRY ELEMENTS (KOHA) | |
| Source of classification or shelving scheme | Dewey Decimal Classification |
| Koha item type | Children Books |
| Classification part | S |
| Call number suffix | DIX |
| Withdrawn status | Lost status | Source of classification or shelving scheme | Damaged status | Not for loan | Collection code | Home library | Current library | Date acquired | Cost, normal purchase price | Total Checkouts | Total Renewals | Full call number | Barcode | Date last seen | Date checked out | Copy number | Cost, replacement price | Price effective from | Koha item type | Source of acquisition |
|---|---|---|---|---|---|---|---|---|---|---|---|---|---|---|---|---|---|---|---|---|
| Dewey Decimal Classification | Fiction | Central Library | Central Library | 24/07/2008 | 135.00 | 10 | 6 | S DIX | B-264939 | 16/08/2024 | 02/08/2024 | 1 | 135.00 | 15/09/2008 | Children Books | |||||
| Dewey Decimal Classification | Fiction | Karol Bagh | Karol Bagh | 28/07/2008 | 135.00 | S DIX | B-264943 | 15/09/2008 | 1 | 135.00 | 15/09/2008 | Children Books | ||||||||
| Dewey Decimal Classification | Fiction | Patel Nagar | Patel Nagar | 28/07/2008 | 135.00 | S DIX | B-264940 | 15/09/2008 | 1 | 135.00 | 15/09/2008 | Children Books | ||||||||
| Dewey Decimal Classification | Fiction | Sarojini Nagar | Sarojini Nagar | 28/07/2008 | 135.00 | 2 | 2 | S DIX | B-264942 | 17/11/2023 | 07/11/2023 | 1 | 135.00 | 15/09/2008 | Children Books | |||||
| Dewey Decimal Classification | Fiction | Shahdara Branch | Shahdara Branch | 28/07/2008 | 135.00 | 2 | S DIX | B-264941 | 27/08/2018 | 20/08/2018 | 1 | 135.00 | 15/09/2008 | Children Books | ||||||
| Dewey Decimal Classification | Fiction | Shahdara Branch | Shahdara Branch | 28/07/2008 | 135.00 | S DIX | B-264944 | 15/09/2008 | 1 | 135.00 | 15/09/2008 | Children Books | ||||||||
| Fiction | Vinoba Puri | Vinoba Puri | 05/09/2008 | 135.00 | 2 | S DIX | B-284707 | 15/04/2011 | 09/04/2011 | 1 | 135.00 | 15/09/2008 | English Books | Blueberry/4571/19.8.08/192/21.7.08/19.8.08 |
